Introducción a la economía positiva

Gespeichert in:
Bibliographische Detailangaben
1. Verfasser: Lipsey, Richard G. (autor)
Format: Buch
Sprache:Spanisch
Veröffentlicht: Barcelona Vicens 1978
Ausgabe:10a. ed
Schriftenreihe:Vicens Universidad
Schlagworte:
Tags: Tag hinzufügen
Keine Tags, Fügen Sie den ersten Tag hinzu!

MARC

LEADER 00000nam a2200000 a 4500
001 UCX0605
003 CL-VaPUC
008 891123e19780000SP |||||||||||||||||spa|d
082 0 4 |a 330.1  |b LIP  |2 21 
100 |a Lipsey, Richard G.  |e autor  |9 560997 
245 1 0 |a Introducción a la economía positiva 
250 |a 10a. ed 
300 |a 918 p 
942 |c BK 
945 |d 19891123 00:00:00 
260 |a Barcelona  |b Vicens  |c 1978 
650 0 |a Economía   |9 255568 
650 7 |a ECONOMIA TEORIAS  |2 CL-VaPUC  |9 307216 
650 0 |a Microeconomía  |9 258126 
650 0 |a Macroeconomía   |9 260301 
583 |a last modification  |c 19891123 00:00:00  |k Rodrigo Vera 
490 0 |a Vicens Universidad 
999 |c 222152  |d 222150 
952 |0 0  |1 0  |4 0  |6 330_100000000000000_LIP_1978  |7 0  |8 A  |9 216503  |a BIBENE  |b BIBENE  |d 2019-11-15  |i 2851407  |o 330.1 LIP 1978  |p 2851407  |r 2025-01-15  |w 2019-11-15  |y BK  |k ICO 
952 |0 0  |1 0  |4 0  |6 330_100000000000000_LIP_1978  |7 0  |8 A  |9 216504  |a BIBENE  |b BIBENE  |d 2019-11-15  |i 2851415  |o 330.1 LIP 1978  |p 2851415  |r 2025-01-15  |w 2019-11-15  |y BK  |k ICO 
952 |0 0  |1 0  |4 0  |6 330_100000000000000_LIP_1978  |7 0  |8 A  |9 216505  |a BIBENE  |b BIBENE  |d 2019-11-15  |i 2851423  |o 330.1 LIP 1978  |p 2851423  |r 2025-01-15  |w 2019-11-15  |y BK  |k ICO 
952 |0 0  |1 0  |4 0  |6 330_100000000000000_LIP_1978  |7 0  |8 A  |9 216506  |a BIBENE  |b BIBENE  |d 2019-11-15  |i 285144K  |o 330.1 LIP 1978  |p 285144K  |r 2025-01-15  |w 2019-11-15  |y BK  |k ICO